Supreme dictionary of chemistry / (Record no. 78767)

MARC details
000 -LEADER
fixed length control field 00559nam a22001937a 4500
005 - DATE AND TIME OF LATEST TRANSACTION
control field 20130830123503.0
010 ## - LCCN (DPL NO)
LC control number ENG-108355
020 ## - INTERNATIONAL STANDARD BOOK NUMBER
Terms of availability 200.00
035 ## - SYSTEM CONTROL NUMBER
System control number EN-91888
037 ## - SOURCE OF ACQUISITION
Source of stock number/acquisition DBAD/PUB
082 ## - DEWEY DECIMAL CLASSIFICATION NUMBER
Classification number 540.3
100 ## - MAIN ENTRY--PERSONAL NAME
Personal name Yadav, M.S.
245 ## - TITLE STATEMENT
Title Supreme dictionary of chemistry /
Statement of responsibility, etc by M.S. Yadav [and] N.K. Sehgal
260 ## - PUBLICATION, DISTRIBUTION, ETC. (IMPRINT)
Place of publication, distribution, etc Delhi
Name of publisher, distributor, etc Kalra Publications
Date of publication, distribution, etc 2010-11
270 ## - ADDRESS
Address 2619-20/3, New Market, Nai Sarak,
City Delhi
Postal code 110006
300 ## - PHYSICAL DESCRIPTION
Extent 296p. :
Dimensions 22cm(Hb)
Other physical details ill.
700 ## - ADDED ENTRY--PERSONAL NAME
Personal name Sehgal, N.K.
942 ## - ADDED ENTRY ELEMENTS (KOHA)
Source of classification or shelving scheme Dewey Decimal Classification
Item type English Books
Call number suffix YAD
Classification part 540.3
Holdings
Withdrawn status Lost status Not for loan Collection code Home library Current library Date acquired Source of acquisition Cost, normal purchase price Full call number Barcode Copy number Cost, replacement price Koha item type
    Not For Loan Non-fiction D.B.Act.Division D.B.Act.Division 26/08/2013 DBAD / PUB 200.00 540.3 YAD EN-91888 1 200.00 English Books

© Delhi Public Library
Hit Counter
free hit counter